000 00681nam a2200229 i 4500
001 bgj
100 1 _aŻYLIŃSKI, Leszek.
245 1 0 _aDeutsche politische Zeitgeschichte 1981-1991 in den Auseinandersetzungen der Intellektuellen /
_cLeszek Żyliński.
260 _aToruń :
_bUniwersytet Mikołaja Kopernika,
_c1993.
300 _a192 s. ;
_c21 cm.
490 1 _aSkrypty i materiały pomocnicze UMK
650 9 _aNauki społeczne
830 _aSkrypty i materiały pomocnicze UMK
020 _a8321304573
040 _cBPK
041 0 _ager
044 _aDEU
080 _a3
920 _a83-231-0457-3
942 _cKS
008 s gw f |000 0 ger
999 _c49976
_d49976
856 _uhttp://koha.tu.koszalin.pl/cgi-bin/koha/opac-detail.pl?biblionumber=49976
_yKatalog online BPK